Chartered surveyors regional directory 2006 (Record no. 106719)

MARC details
000 -LEADER
fixed length control field 00947cam a2200217 4500
001 - CONTROL NUMBER
control field L137314
008 - FIXED-LENGTH DATA ELEMENTS--GENERAL INFORMATION
fixed length control field 070328s2006 xxk f 001 0 eng d
020 ## - INTERNATIONAL STANDARD BOOK NUMBER
International Standard Book Number 187830512
035 ## - SYSTEM CONTROL NUMBER
System control number (Sirsi) u137314
041 0# - LANGUAGE CODE
Language code of text/sound track or separate title eng
050 04 - LIBRARY OF CONGRESS CALL NUMBER
Classification number 333.33025 $2 18
110 2# - MAIN ENTRY--CORPORATE NAME
Corporate name or jurisdiction name as entry element Royal Institution of Chartered Surveyors
9 (RLIN) 4900
245 00 - TITLE STATEMENT
Title Chartered surveyors regional directory 2006
Remainder of title your essential guide to finding a surveyor in the North East
260 ## - PUBLICATION, DISTRIBUTION, ETC.
Place of publication, distribution, etc. London
Name of publisher, distributor, etc. RICS
Date of publication, distribution, etc. 2006
300 ## - PHYSICAL DESCRIPTION
Extent 1
Type of unit v.c25cm.
350 ## - PRICE (NR) (BK AM CF MU VM SE) [OBSOLETE]
Price 20
520 ## - SUMMARY, ETC.
Summary, etc. Outlines the organisation and purpose of the RICS and its members. Details the services of which they can take advantage. Describes the services provided by chartered surveyors. Lists firms and members within the region. Includes a specialisation index. The main listings are ordered by the area and the type of service provided.
651 #4 - SUBJECT ADDED ENTRY--GEOGRAPHIC NAME
Geographic name England
Chronological subdivision 886-
690 ## - LOCAL SUBJECT ADDED ENTRY--TOPICAL TERM (OCLC, RLIN)
Topical term or geographic name as entry element RICS SERVICES-FIND A SURVEYOR
942 ## - ADDED ENTRY ELEMENTS (KOHA)
Suppress in OPAC 0
Holdings
Withdrawn status Lost status Source of classification or shelving scheme Damaged status Not for loan Home library Current library Shelving location Date acquired Total Checkouts Full call number Barcode Date last seen Copy number Price effective from Koha item type
    Dewey Decimal Classification     London London RICS Boxes 28/08/2007   RICS 2006/60 30073741 06/08/2019 1 06/08/2019 Archive
    Dewey Decimal Classification     London London RICS Boxes 14/09/2007   RICS 2006/60 30073740 06/08/2019 2 06/08/2019 Reference material